Zásady bezpečnosti a ochrana zdravia pri práci na dieselgenerátorovej stanici v EMO Mochovce

Guardado en:
Detalles Bibliográficos
Autor principal: Kosiczky, Gabriel (Autor)
Otros Autores: Szabová, Zuzana (Orientador)
Formato: Manuscrito Libro
Lenguaje:eslovaco
Publicado: 2023
Materias:
Acceso en línea:http://is.stuba.sk/zp/portal_zp.pl?podrobnosti=165865
Etiquetas: Agregar Etiqueta
Sin Etiquetas, Sea el primero en etiquetar este registro!

MARC

LEADER 00000ntm a22000003a 4500
001 stuzp94551
003 SK-STU
005 20230909222452.2
007 ta
008 150427s2015----xo-----f-mn---000-0-slo-d
040 |a STU  |b slo 
041 0 |a slo 
100 1 |a Kosiczky, Gabriel  |u 065000  |4 aut  |U MTF Materiálovotechnologická fakulta  |T MTF Ústav integrovanej bezpečnosti  |X 112540  |U M5000  |Y 85  |7 112540 
242 0 1 |a Principles of safety and health protection when working at the diesel generator station in EMO Mochovce  |y eng 
245 1 0 |a Zásady bezpečnosti a ochrana zdravia pri práci na dieselgenerátorovej stanici v EMO Mochovce 
260 |c 2023 
650 4 |a analýza rizika  |2 slo 
650 4 |a riziko  |2 slo 
650 4 |a dieselgenerátorová stanica  |2 slo 
650 4 |a BOZP  |2 slo 
650 4 |a dieselgenerátor  |2 slo 
650 4 |a OSH  |2 eng 
650 4 |a diesel generator station  |2 eng 
650 4 |a diesel generator  |2 eng 
650 4 |a risk  |2 eng 
650 4 |a risk analysis  |2 eng 
700 1 |a Szabová, Zuzana  |u 065200  |k Z1  |4 ths  |U MTF Ústav integrovanej bezpečnosti  |T MTF Katedra bezpečnostného inžinierstva  |X 4741  |U M5200  |Y 192  |7 A000004741 
856 4 |u http://is.stuba.sk/zp/portal_zp.pl?podrobnosti=165865 
996 |c M* BP-9602  |l MMST  |s P  |a 0  |w stuzp94551_0001